Dutch Overseas Territories - Statistics

General Stats
  • This quiz has been taken 91 times
  • The average score is 5 of 6
Answer Stats
Hint Answer % Correct
This Island was taken from the Spanish in the thirty year's war Aruba
98%
The Capital of this Island is known for colourful architecture Curacao
89%
this Island is shared with the French Sint Maarten
81%
This Island was also conquered from Spain Bonaire
79%
A small island just 13 square km in size Saba
62%
This Island swapped between English, Dutch and French rule 21 times Sint Eustatius
60%
No matching quizzes found
Score Distribution
Percent of People with Each Score
Percentile by Number Answered
Your Score History
You have not taken this quiz